000 00335nam a2200133Ia 4500
008 240624s9999 xx 000 0 und d
041 _aeng
082 _a378.1 KAT
100 _aKATS YEFIM
245 _aLEARNING MANAGEMENT SYSTEMS AND INSTRUCT
260 _c2013
_aUSA
_bIGI Global
300 _axxiv, 441 p.; 26 cm.
365 _c
_b38
999 _c30571
_d30571